000
00188 a2200097 4500
001
8812
100
_a
Coward N
245
_a
Play Parade
260
_a
_b
Heinemann
_c
090
_c
7052
_d
7052
942
_a
NUST-CAE
_c
M
_c
33659
999
_c
243885
_d
243885